000 00727nam a2200253Ia 4500
003 IN-BaIIA
008 211028s9999 xx 000 0 eng d
020 _a0-08-017783-2
040 _cIIA Library
080 _a533
_bAKH-1
100 _aAkhiezer, A. I.
_910598
245 0 _aPlasma electrodynamics
_bvol. 1
_cA. I. Akhiezer..[et al.]
260 _aOxford
_bPergamon Press
_c1975
300 _axvii, 414p.
650 _aAstronomy and astrophysics thesaurus
650 _aElectrodynamics
_92319
650 _aLinear theory
_910599
650 _aPlasma physics
_93732
650 _aPlasmas
_91898
700 _aPolovin, R. V.
_910600
700 _aSitenko, A. G.
_910601
700 _aStepanov, K. N.
_910602
942 _cBK
999 _c6132
_d6132